Visual knowledge discovery and machine learning. /
Guardado en:
| Formato: | Libro |
|---|---|
| Idioma: | English |
| Publicado: |
New York, NY :
Springer Berlin Heidelberg,
2018.
|
| Etiquetas: |
Agregar Etiqueta
Sin Etiquetas, Sea el primero en etiquetar este registro!
|
| LEADER | 00592nam a22001935i 4500 | ||
|---|---|---|---|
| 001 | DCC.dcic001749 | ||
| 008 | 171206s2018####nyu###########000#0#eng## | ||
| 005 | 20190228133449.0 | ||
| 245 | 0 | 0 | |a Visual knowledge discovery and machine learning. / |c Boris Kovalerchuk. |
| 263 | |a 1801 | ||
| 264 | 1 | |a New York, NY : |b Springer Berlin Heidelberg, |c 2018. | |
| 300 | |a pages cm. | ||
| 336 | |a text |b txt |2 rdacontent | ||
| 337 | |a unmediated |b n |2 rdamedia | ||
| 338 | |a volume |b nc |2 rdacarrier | ||
| 020 | |a 9783319730394 | ||
| 010 | |a 2017962977 | ||
| 040 | |a DLC |b eng |e rda |c DLC | ||
| 859 | |a DCIC |b BIB. COMPUTACION |p 2322 | ||
